| 000 | 00783cim a22002177a 4500 | ||
|---|---|---|---|
| 005 | 20140923122751.0 | ||
| 007 | sd uuuuuudmuud | ||
| 008 | 140714t2013 xx nnnnfs s| c eng d | ||
| 024 | _a9781133565772 | ||
| 040 | _aEG-ScBUE | ||
| 082 | 0 | 4 |
_222 _a428.24 _bDOU |
| 100 | 1 |
_aDouglas, Nancy _935961 |
|
| 245 | 1 | 0 |
_aWorld class 2 _h[sound recording] : _bclassroom audio CD / _cNancy Douglas, James R. Morgan. |
| 260 |
_a[S. l.] : _bNational Geographic Learning : _bCengage Learning, _cc.2013. |
||
| 300 |
_a1 sound disc ; _c4 3/4 in. |
||
| 650 | 0 |
_aEnglish language _vTextbooks for foreign speakers _vAudio-visual aids _936053 |
|
| 653 | 0 |
_bEEENG _cJuly2014 |
|
| 700 | 1 |
_aMorgan, James R. _936022 |
|
| 710 | 2 |
_935969 _aNational Geographic Learning (Firm) |
|
| 942 |
_2ddc _cCDR _k428.24 DOU |
||
| 999 |
_c18358 _d18330 |
||